000 00559nam a22001937a 4500
003 KOHA_MİRAKIL
005 20251125103803.0
008 251125b tu ||||| |||| 00| 0 tur d
020 _a9786051418643
040 _aTR-AnABB
_btur
_cTR-AnABB
041 _atur
082 _a818.4209
_bILE 2015
100 1 _aİleri, Selim,
245 1 0 _aEdebiyatımızda sevdiğim romanlar kılavuzu /
_cSelim İleri
260 _aİstanbul :
_bEverest Yayınları,
_c2015
300 _a632 sayfa ;
_c20 cm
650 0 4 _aTürk edebiyatı, roman
942 _2ddc
_cBK
999 _c9614
_d9614
900 _bGizem YORULMAZ